| 000 | 00400nam a2200145Ia 4500 | ||
|---|---|---|---|
| 005 | 20251020182559.0 | ||
| 008 | 200515s9999 xx 000 0 und d | ||
| 082 | _aSC/331.822:69/C74 | ||
| 110 | _aConsejo Interamericano de Seguridad | ||
| 245 | 0 | _aManual de prevención de accidentes en la construcción | |
| 260 | _aNew Jersey | ||
| 260 | _cs. a. | ||
| 650 | _aSEGURIDAD DEL TRABAJO | ||
| 942 | _cLIB | ||
| 999 |
_c3005 _d3005 |
||